00477nam a2200193 a 4500001001300000003000900013005001700022008004100039020001000080082001600090100002400106245001600130260003400146300000900180500003500189505001000224650002500234700002400259nice12345678IN_TiNIC20260116011353.0050524s1964 dela grp 000 0 urd  ac3.500a297.5bNAD2 aNadwi, Jaleel Ahsan aRaah-I-Amal aDelhibMaktaba Alhasnatc1964 a350p aincludes index and biblioraphy2 aTable aIslam-Moral Theology1 aNadwi, Jaleel Ahsan